Southville International School and Colleges
Your cart is empty.
  • Cart
  • Lists
    Public lists Eva Luna New books Lux_list list_1
    Your lists Log in to create your own lists
  • Log in to your account
  • Your cookies
  • Search history
Southville International School and Colleges
  • Advanced search
  • Recent comments
  • Most popular
  • Libraries

Log in to your account

Log in with GOOGLE


If you do not have an external account, but do have a local account, you can still log in:

  1. Home
  2. MARC view: I.V. therapy made incredibly easy! /
Normal view MARC view ISBD view

I.V. therapy made incredibly easy! / (Record no. 16074)

[ view plain ]
MARC details
000 -LEADER
fixed length control field 00488nam a22001817a 4500
003 - CONTROL NUMBER IDENTIFIER
control field OSt
005 - DATE AND TIME OF LATEST TRANSACTION
control field 20140310182805.0
008 - FIXED-LENGTH DATA ELEMENTS--GENERAL INFORMATION
fixed length control field 130214t xxu||||| |||| 00| 0 eng d
020 ## - INTERNATIONAL STANDARD BOOK NUMBER
International Standard Book Number 9780781784757
050 ## - LIBRARY OF CONGRESS CALL NUMBER
Classification number RM 170
Item number .In23 2006
245 ## - TITLE STATEMENT
Title I.V. therapy made incredibly easy! /
260 ## - PUBLICATION, DISTRIBUTION, ETC. (IMPRINT)
Place of publication, distribution, etc Philadelphia :
Name of publisher, distributor, etc Lippincott Williams & Wilkins,
Date of publication, distribution, etc 2006.
300 ## - PHYSICAL DESCRIPTION
Extent 337 p. :
Other physical details ill. (some col.) ;
Dimensions 24 cm.
521 ## - TARGET AUDIENCE NOTE
Target audience note
562 ## - COPY AND VERSION IDENTIFICATION NOTE
Number of copies 1
942 ## - ADDED ENTRY ELEMENTS (KOHA)
Source of classification or shelving scheme Library of Congress Classification
Koha item type Books
Call number prefix Foreign
Holdings
Withdrawn status Lost status Source of classification or shelving scheme Damaged status Home library Current library Shelving location Date acquired Total Checkouts Full call number Barcode Date last seen Copy number Price effective from Koha item type
    Library of Congress Classification   College Library College Library General Circulation Section 02/14/2013   RM 170 .In23 2006 C14232 05/15/2018 1 02/14/2013 Books

I.V. therapy made incredibly easy! /

APA

(2006). I.V. therapy made incredibly easy!. Philadelphia: Lippincott Williams & Wilkins.

Chicago

2006. I.V. therapy made incredibly easy!. Philadelphia: Lippincott Williams & Wilkins.

Harvard

(2006). I.V. therapy made incredibly easy!. Philadelphia: Lippincott Williams & Wilkins.

MLA

I.V. therapy made incredibly easy!. Philadelphia: Lippincott Williams & Wilkins. 2006.

  • Place hold
  • Print
  • Cite
  • Add to your cart (remove)
  • Save record
    BIBTEX Dublin Core MARCXML MARC (non-Unicode/MARC-8) MARC (Unicode/UTF-8) MARC (Unicode/UTF-8, Standard) MODS (XML) RIS
  • More searches
    Search for this title in:
    Other Libraries (WorldCat) Other Databases (Google Scholar) Online Stores (Bookfinder.com) Open Library (openlibrary.org)

Exporting to Dublin Core...

SOUTHVILLE LIBRARY

Southville International School and Colleges Library

1281 Tropical Ave. Cor. Luxembourg St., BF Homes International, Las Pinas City

Tel. No. 8256374 / 252358 Loc. 117/146

Powered by Koha